| 000 | 00838nam a22002417a 4500 | ||
|---|---|---|---|
| 005 | 20100802115413.0 | ||
| 010 | _aENG-97759 | ||
| 020 |
_a0195667123 _c950.00 |
||
| 020 |
_a9780195667127 _c950.00 |
||
| 035 | _aEN-81292 | ||
| 037 | _bDBAD/PUB | ||
| 082 | _aN | ||
| 100 |
_aPremchand _96128 |
||
| 245 |
_aRangbhumi : _bthe arena of life / _cby Premchand ; translated by Christopher King |
||
| 260 |
_aNew Delhi _bOxford University Press _c2010 |
||
| 270 |
_aYMCA Library Building, Jai Singh Road, _bNew Delhi _e110001 |
||
| 300 |
_axviii, 650p. _c23cm (Hb) |
||
| 650 |
_aPeasents _zIndia _xFiction _96129 |
||
| 650 |
_aCaste _zIndia _xFiction _96130 |
||
| 700 |
_aKing, Christopher _93988 |
||
| 942 |
_2ddc _cEN _hN _mPRE |
||
| 999 |
_c38575 _d38575 |
||